Effet du nombre de jeunes plantes pas touffe sur le rendement de riz ir 66 en syste`me e`cologoque de riziculture intensive. (Record no. 1574)

000 -LEADER
fixed length control field 00483nam a22001577a 4500
003 - CONTROL NUMBER IDENTIFIER
control field OSt
005 - DATE AND TIME OF LATEST TRANSACTION
control field 20151001111305.0
008 - FIXED-LENGTH DATA ELEMENTS--GENERAL INFORMATION
fixed length control field 151001b xxu||||| |||| 00| 0 eng d
040 ## - CATALOGING SOURCE
Transcribing agency RUA
082 ## - DEWEY DECIMAL CLASSIFICATION NUMBER
Classification number AGR KEO 2004 B062 Or.1
100 ## - MAIN ENTRY--PERSONAL NAME
9 (RLIN) 1669
Personal name KEO, CHENDA.
245 ## - TITLE STATEMENT
Title Effet du nombre de jeunes plantes pas touffe sur le rendement de riz ir 66 en syste`me e`cologoque de riziculture intensive.
260 ## - PUBLICATION, DISTRIBUTION, ETC. (IMPRINT)
Place of publication, distribution, etc. phom phen
Name of publisher, distributor, etc. RUA
Date of publication, distribution, etc. 2004
300 ## - PHYSICAL DESCRIPTION
Extent 49p.
Other physical details ill.
Dimensions 29cm.
942 ## - ADDED ENTRY ELEMENTS (KOHA)
Source of classification or shelving scheme
Koha item type AGR
Holdings
Price effective from Date last seen Permanent Location Not for loan Date acquired Source of classification or shelving scheme Koha item type Barcode Lost status Damaged status Shelving location Withdrawn status Current Location Full call number
2015-10-012015-10-01Library Block B 2015-10-01 AGRRUA003018  B062 Library Block BAGR KEO 2004 B062 Or.1
2015-10-012015-10-01Library Block B 2015-10-01 AGRRUA003162  B062 Library Block BAGR KEO 2004 B062 Or.2
2015-10-012015-10-01Library Block B 2015-10-01 AGRRUA003204  B062 Library Block BAGR KEO 2004 B062 Or.3
2015-10-012015-10-01Library Block B 2015-10-01 AGRRUA003348  B062 Library Block BAGR KEO 2004 B062 Or.4
2015-10-012015-10-01Library Block B 2015-10-01 AGRRUA003060  B062 Library Block BAGR KEO 2004 B062 Or.5
មជ្ឈមណ្ឌលឯការនៃសាកលវិទ្យាល័យភូមិន្ទកសិកម្មចំការដូង

Powered by Koha